书目信息 |
| 题名: |
中国林学会史
|
|
| 作者: | 江泽慧 主编 ;中国林学会 编著 | |
| 分册: | ||
| 出版信息: | 上海 上海交通大学出版社 2008.10 |
|
| 页数: | 294页, [22] 页图版 | |
| 开本: | 26cm | |
| 丛书名: | 中国学会史丛书 | |
| 单 册: | ||
| 中图分类: | S7-262 | |
| 科图分类: | ||
| 主题词: | 林学--lin xue--学会--历史--中国 | |
| 电子资源: | ||
| ISBN: | 978-7-313-05405-0 | |
| 000 | 01281nam 2200313 450 | |
| 001 | 012009640501 | |
| 005 | 20090621163550.46 | |
| 010 | @a978-7-313-05405-0@dCNY49.00 | |
| 100 | @a20090621d2008 em y0chiy0120 ea | |
| 101 | 0 | @achi |
| 102 | @aCN@b310000 | |
| 105 | @aacfha 000yy | |
| 106 | @ar | |
| 200 | 1 | @a中国林学会史@Azhong guo lin xue hui shi@d= A history of Chinese scoiety of forestry@f中国林学会编著@Fzhong guo lin xue hui bian zhu@zeng |
| 210 | @a上海@c上海交通大学出版社@d2008.10 | |
| 215 | @a294页, [22] 页图版@c图, 肖像, 摹真@d26cm | |
| 225 | 2 | @a中国学会史丛书@Azhong guo xue hui shi cong shu |
| 300 | @a中国科学技术协会资助项目 | |
| 314 | @a主编取自书中 | |
| 320 | @a有书目 (第293-294页) | |
| 330 | @a本书是一部记述中国林学会建立与发展历程的专著,书中重点介绍学会的初创情况、发展过程、组织建设、学术交流、分支机构等,还特别收录了记述学会重大活动情况的大事记、名人与学会发展的丰富资料和一些极有史料价值的历史照片。 | |
| 410 | 0 | @12001 @a中国学会史丛书 |
| 510 | 1 | @aHistory of Chinese scoiety of forestry@zeng |
| 606 | 0 | @a林学@Alin xue@x学会@x历史@y中国 |
| 690 | @aS7-262@v4 | |
| 701 | 0 | @a江泽慧@Ajiang ze hui@4主编 |
| 712 | 02 | @a中国林学会@Azhong guo lin xue hui@4编著 |
| 801 | 0 | @aCN@bQSSK@c20090621 |
| 905 | @b746013-15@dS7-262@eJ488@f3 | |
| 中国林学会史= A history of Chinese scoiety of forestry/中国林学会编著.-上海:上海交通大学出版社,2008.10 |
| 294页, [22] 页图版:图, 肖像, 摹真;26cm.-(中国学会史丛书) |
| 中国科学技术协会资助项目 |
| ISBN 978-7-313-05405-0:CNY49.00 |
| 本书是一部记述中国林学会建立与发展历程的专著,书中重点介绍学会的初创情况、发展过程、组织建设、学术交流、分支机构等,还特别收录了记述学会重大活动情况的大事记、名人与学会发展的丰富资料和一些极有史料价值的历史照片。 |
| ● |
| 相关链接 |
|
|
|
正题名:中国林学会史
索取号:S7-262/J488
 
预约/预借
| 序号 | 登录号 | 条形码 | 馆藏地/架位号 | 状态 | 备注 |
| 1 | 746013 | 207460139 | 自科库401/401自科库 68排6列5层/ [索取号:S7-262/J488] | 在馆 | |
| 2 | 746014 | 207460148 | 自科库401/401自科库 68排6列5层/ [索取号:S7-262/J488] | 在馆 | |
| 3 | 746015 | 207460157 | 自科库401/401自科库 68排6列5层/ [索取号:S7-262/J488] | 在馆 |